000 00625nam a22002297a 4500
005 20170124105920.0
010 _a852042
020 _c00.00
035 _a852042
037 _bCen Lib/Ret
040 _aDPL
_bEN
082 _a301.44
_bBET
100 _aBeteille, Andre
_94026
245 _aInequality among men /
_cby Andre Beteille
260 _aDelhi
_bOxford University Press
_c1977
270 _bDelhi
300 _ax,178p.
_c22cm(Hb)
500 _aIncludes index
650 _aSociological -- inequality
_94027
650 _aSociale stratification
_972178
942 _2ddc
_cEN
_h301.44
_mBET
999 _c123080
_d123080